00651nam a2200229 4500003000900000005001700009008004100026040002300067041000800090050002000098100002800118245004300146264004200189300003500231336002200266337002400288338002400312650002300336650003000359942001500389999001700404MX-MxINE20260530115318.0260508b1967 nyua|||| |||| 00| 0 eng d aICIbspacICIerda aeng aTS171bD73 19671 aDreyfuss, Henry,eautor aDesigning for people /cHenry Dreyfuss aNew York :bParagraphic Books,c1967. a230 páginas:bilustraciones  2rdacontentatexto 2rdamediaasin medio 2rdacarrieravolumen 4aIndustrial design. 4aHuman engineering.934097 2lccn1cBK c13690d13690